000 nam a22 7a 4500
999 _c24431
_d24431
008 170128b xxu||||| |||| 00| 0 eng d
020 _a0030565448
050 _aQC 30 .S47 2002
100 _aSerway,Raymond A.
_d2002.
245 _aHolt Physics /
_cRaymond A. Serway
260 _aAustin:
_bHolt,
_c2002.
300 _axxiii, 1002 p.:
_bill.;
_c25cm.
500 _aincludes bibliographical references and index.
650 _2Physics
700 _aJerry S. Faughn
942 _2lcc
_cBOOKS
_hQC 30 .S47 2002
_k32116